| 000 | 01088nam a2200337 a 4500 | ||
|---|---|---|---|
| 001 | vtls000363036 | ||
| 003 | NLI | ||
| 005 | 20210602172527.0 | ||
| 008 | 110113s1992 ii d e 000 0 eng d | ||
| 020 |
_a8185116172 (pbk) _cRs. 170.00 |
||
| 039 | 9 |
_y201101132132 _zVLOAD |
|
| 040 |
_aNLI : _beng _cNLMARC21 |
||
| 041 | 0 | _aeng | |
| 044 | _aii | ||
| 082 | 0 | 4 |
_a631.8 _222 |
| 245 | 0 | 0 |
_aFertilisers, organic manures, recyclable wastes and biofertilisers : _bcomponents of integrated plant nutrition/ _cedited by H.L.S. Tandon |
| 260 |
_aNew Delhi : _bFertiliser Development and Consultation Organisation, _c1992 |
||
| 300 |
_a[8], 148 p.; _c23 cm. |
||
| 504 | _aIncludes references | ||
| 650 | 0 |
_aFertilizers _915674 |
|
| 650 | 0 | _aBiofertilizers | |
| 650 | 0 |
_aWaste products as fertilizer _9535122 |
|
| 700 |
_aTandon, H.L.S. _qHari Lal Singh _d1943- _4edt _9353478 |
||
| 887 | _atapas | ||
| 901 |
_aDB62015 _b14.7.92 |
||
| 902 | _aE 631.8 F 418 tan | ||
| 904 | _atapas | ||
| 942 |
_2ddc _cBKS |
||
| 949 |
_AVIRTUAITEM _D10000 _X100 _6DBA000062015ENG |
||
| 999 |
_aVIRTUA40 _c318924 _d318924 |
||